00475nam a22001457a 450000500170000000800410001702000150005804100120007308200160008510000350010124500880013626000520022430000280027665000250030420231113075525.0231113b |||||||| |||| 00| 0 eng d a9991673644 aEnglish a346.046 MAL aMalan, J and Hinz, MOlEnglish aCommunal Land Administration :bSecond National Traditonal Authority Conference /  aWindhoek : bCentre of Applied Sciences, c1997 b237 pages ; c30,4 cm.  aLegal practice bLaw